Statistics for The G.O.A.T.s of Figure Skating

Click here to take the quiz!

General Stats

  • This quiz has been taken 169 times
  • The average score is 3 of 12

Answer Stats

Answer% Correct
Kim Yuna
61%
Michelle Kwan
43%
Tonya Harding
32%
Evgeni Plushenko
28%
Kristi Yamaguchi
28%
Nancy Kerrigan
26%
Dick Button
22%
Sonja Henie
22%
Dorothy Hamill
19%
Brian Boitano
18%
Kurt Browning
15%
Javier Fernandez
4%

Score Distribution

Percentile by Number Answered

Percent of People with Each Score

Your Score History

You have not taken this quiz